Environmental electrochemistry: fundamentals and applications in pollution abatement
Saved in:
| Main Authors: | , |
|---|---|
| Format: | Bog |
| Sprog: | engelsk |
| Udgivet: |
San Diego
Academic Press
1997
|
| Fag: | |
| Tags: |
Tilføj Tag
Ingen Tags, Vær først til at tagge denne postø!
|
MARC
| LEADER | 00000nam a2200000 a 4500 | ||
|---|---|---|---|
| 001 | UCQ3456 | ||
| 003 | CL-VaPUC | ||
| 008 | 980821e19970000US |||||||||||||||||eng|d | ||
| 082 | 0 | 4 | |a 628.5 |b RAJ |2 21 |
| 100 | 0 | |a Rajeshwar, Krishnan |e author |9 417623 | |
| 700 | |a Ibáñez, Jorge G |e author |9 541790 | ||
| 245 | 1 | 0 | |a Environmental electrochemistry: fundamentals and applications in pollution abatement |
| 300 | |a 776 p | ||
| 942 | |c BK | ||
| 945 | |d 19980821 00:00:00 |a mvenant | ||
| 260 | |a San Diego |b Academic Press |c 1997 | ||
| 650 | 7 | |a POLUCION |2 CL-VaPUC |9 373003 | |
| 650 | 0 | |a Electroquímica |9 263973 | |
| 650 | 7 | |a FOTOELECTRICIDAD |2 CL-VaPUC |9 417625 | |
| 650 | 0 | |a Electricidad |9 260222 | |
| 650 | 0 | |a Termodinámica |9 259320 | |
| 583 | |a last modification |c 20130123 02:12:53 |k Rodrigo Vera | ||
| 999 | |c 274030 |d 274028 | ||
| 952 | |0 0 |1 0 |4 0 |6 628_500000000000000_RAJ_1997 |7 0 |8 A |9 310079 |a BIBCUR |b BIBCUR |d 2019-11-20 |i 4085299 |o 628.5 RAJ 1997 |p 4085299 |r 2025-04-22 |w 2019-11-20 |y BK |k QUI | ||